| 000 | 01076nam a2200205Ia 4500 | ||
|---|---|---|---|
| 999 |
_c38340 _d38340 |
||
| 001 | 4350 | ||
| 003 | GE_BSU | ||
| 005 | 20191003123358.0 | ||
| 008 | 181216s1957||||ge |||||||||||||| ||geo|| | ||
| 040 | _cGE_BSU | ||
| 041 | _ageo | ||
| 080 | _a378.4(479.22) ს–18 | ||
| 245 |
_aსაიუბილეო კრებული : _bთბილისის სახელმწიფო უნივერსიტეტი დიდი ოქტომბრის სოციალისტური რევოლუციის 40 წლისთავზე. კრებული, 1917-1957 / _cრედ. და შესავ. სტატია ს. ჟღენტი. |
||
| 264 |
_aთბ. : _bთბილ. უნ-ტის გამ-ბა, _c1957. |
||
| 300 |
_a766 გვ. ; _b27 სმ. |
||
| 546 | _aტექსტი ქართ. და რუს. | ||
| 653 | _aთბილისის სახელმწიფო უნივერსიტეტი | ||
| 700 |
_aჟღენტი, ს. _eრედაქტორი _94470 |
||
| 942 |
_cBK _2udc |
||